What Taylor Swift Songs are REAL (1989) - Statistics

General Stats
  • This quiz has been taken 158 times
  • The average score is 5 of 8
Answers on the Grid
Answers color-coded by a green-red scale on the quiz's grid according to % correct below.
1989
The One That Got Away
You Are In Love
Cleans
Shake It Off
Rabbit Hole
Lovers
Wildest Dreams
Your Love
Is It Over?
Shake Him Off
Say You Won't Go
"Wh*ore"
Blue
Now That We Don't Talk
New York
Long-Hair
We Don't Talk Anymore
Blank Space
Ex-Friends
Bad Bloods
Don't Leave Me
Come To New York
How You Get The Girl
Styles
I Wish He Would
Space Left
This Love
Exes
Welcome To New York
 
Answer Stats
Answer % Correct
Shake It Off
92%
You Are In Love
74%
Wildest Dreams
73%
Welcome To New York
60%
Blank Space
57%
How You Get The Girl
55%
Now That We Don't Talk
55%
This Love
55%
No matching quizzes found
Score Distribution
Percent of People with Each Score
Percentile by Number Answered
Your Score History
You have not taken this quiz